Vangelo secondo Maria : romanzo /

Sábháilte in:
Sonraí bibleagrafaíochta
Príomhchruthaitheoir: Alberti, Barbara, (1943- ) (Údar)
Formáid: LEABHAR
Teanga:Iodáilis
Foilsithe / Cruthaithe: Roma : Castelvecchi, 2007
Eagrán:2. ed
Sraith:Narrativa ; 6
Clibeanna: Cuir clib leis
Níl clibeanna ann, Bí ar an gcéad duine le clib a chur leis an taifead seo!

MARC

LEADER 00000nam a22000007i 4500
001 IT\ICCU\LO1\1162361
003 ItRI
005 20260207185214.0
008 071128s2007 it |||||| ||||| |||||c
020 |a 9788876152139 
040 |b ita  |c Arcigay Queer VdA 
041 7 |a ita  |2 ISO-639-2 
082 |a 853.914  |2 21 
100 1 |a Alberti, Barbara,  |d  (1943- )  |0 IT\ICCU\CFIV\019901  |4 aut 
240 1 0 |a Vangelo secondo Maria  |9 Alberti, Barbara <1943- > 
245 1 0 |a Vangelo secondo Maria :  |b romanzo /  |c Barbara Alberti. 
250 |a 2. ed 
260 |a Roma :  |b Castelvecchi,  |c 2007 
300 |a 156 p. ;  |c 21 cm. 
830 0 |a Narrativa ;  |v 6  |0 IT\ICCU\RAV\1535920 
942 |2 ddc  |c BK 
952 |0 0  |1 0  |2 ddc  |4 0  |6 853_914000000000000_ALB_VAN  |7 1  |9 3871  |a AO  |b AO  |d 2025-04-18  |l 0  |o 853.914 ALB VAN  |p 11101  |r 2025-04-18 17:58:23  |w 2025-04-18  |x Di proprietà di Giulio Gasperini  |y BK 
952 |0 0  |1 0  |4 0  |6 L_853_920000000000000_ALB  |7 0  |9 20976  |a BO  |b BO  |d 2026-01-15  |i 11789  |l 0  |o L 853.92 ALB  |p BO11789  |r 2026-01-15 23:21:43  |w 2026-01-15  |x [Sebina 5] [1 v.]  |y BK  |z 1 v. 
999 |c 3020  |d 3020